000 03853nam0a2200457 i 4500
001 RU\NLR\bibl\1991315
005 20260408092238.0
010 _a9785903108190
_9100
021 _aRU
_b2012-100537
_97417
035 _a(nilc)RuMoRGB-006510875
035 _a(NLR Aleph) 001979839
090 _a4074492
_c4074492
100 _a20131026d2012 k y0rusy50 ca
101 0 _arus
102 _aRU
105 _aa |||||||||
200 1 _aЭпоха Куликова поля. Преподобные Сергий Радонежский, Кирилл Белозерский, святой благоверный князь Дмитрий Иванович Донской, их соратники и современники
_eпобедители и лауреаты Российского межрегионального литературного и художественного конкурса, посвященного эпохе Сергия Радонежского, Дмитрия Донского и 575-летию памяти преподобного Кирилла Белозерского
_fред.-сост.: П.К. Рожнова
210 _aМосква
_cГБУК г. Москвы "ЦУНБ им. Н.А. Некрасова"
_d2012
215 _a123 с.
_cцв. ил.
_d28
300 _aВ надзаг.: Гос. бюджет. учреждение культуры г. Москвы "Центр. универс. науч. б-ка им. Н.А. Некрасова", Моск. гос. объед. музей-заповедник "Коломенское-Измайлово-Лефортово-Люблино", Храм Рождества Богородицы в Старом Симонове
320 _aБиблиогр. в подстроч. примеч.
517 0 _aПреподобные Сергий Радонежский, Кирилл Белозерский, святой благоверный князь Дмитрий Иванович Донской, их соратники и современники
606 1 _aКуликовская битва
_xв художественной литературе
_z1380
_92153348
_3RU\NLR\auth\661601324
606 1 _aКуликовская битва
_xТворческие работы школьников
_z1380
_92516196
_3RU\NLR\AUTH\661491315
607 _aДревняя Русь
_xТворческие работы школьников
_92166859
_3RU\NLR\AUTH\6601540479
686 2 _aШ6(2=Р)8-94
686 1 _aЧ421.385.35
702 1 _aРожнова
_bП. К.
_gПолина Константиновна
_4220
702 0 _4570
_8rus
_7ca
_aСергий Радонежский
_cВарфоломей Кириллович
_fок.1321-1391
_3RU\NLR\AUTH\779265
_9119105
702 0 _4570
_8rus
_7ca
_aКирилл Белозерский
_cархимандрит
_f1337-1427
_3RU\NLR\AUTH\7710519
_9120287
702 0 _4570
_8rus
_7ca
_aДимитрий Донской
_cвеликий князь московский и владимирский
_f1350-1389
_3RU\NLR\AUTH\7710395
_9120172
711 1 2 _a"Эпоха Куликова поля. Преподобные Сергий Радонежский, Кирилл Белозерский, святой благоверный князь Дмитрий Иванович Донской, их соратники и современники", российский межрегиональный литературный и художественный конкурс
_f2012
_eМосква
_3RU\NLR\AUTH\8810231656
_9348308
801 0 _aRU
_bRuMoRKP
_c20130114
_gRCR
801 2 _aRU
_bРГБ
_c20130125
_grcr
801 1 _aRU
_bRuMoRKP
_c20130114
_2rusmarc
801 2 _aRU
_bNLR
_c20130123
_grcr
942 _cBOOK
980 _aNBR